Vranovská firma LPH, s.r.o.

Bibliographic Details
Main Author: Iván, Alexander (Author)
Other Authors: Havrila, Michal, 1933-2019 (Interviewer)
Format: Article
Language:Slovak
PhysicalDescription:Fotogr.
ISSN:1335-7972-01
Subjects:

MARC

LEADER 00000nab a2200000 a 4500
001 vtls000870575
003 SK-MaSNL
005 20260304233611.0
008 250429c2003 xo 0 slo
015 |a SNBRB2004/04-12768 
035 |a CLN000222127 
035 |a urn:nbn:sk:snk-ab731i 
035 |a (uuid)d70682de-d03c-4623-9862-55f29d6ef059 
035 |a (urnnbn)urn:nbn:sk:snk:ar-a06r6f 
035 |a (sysno)vtls000870575 
040 |a SNKBUCL  |b slo  |c SNKBUCL  |e AACR2 
041 0 |a slo 
044 |a xo  |c SK 
080 |a 678.027.7:061.5(437.6)  |2 1997 
100 1 |a Havrila, Michal,  |d 1933-2019  |4 ivr  |9 8056 
245 1 0 |a Vranovská firma LPH, s.r.o.  |c Michal Havrila, Alexander Iván 
246 1 1 |a <<The>> Vranov firm LPH, s.r.o. 
300 |b Fotogr. 
500 |a Súbežný názov a text angl. 
610 7 |a LPH (Vranov nad Topľou, Slovensko)  |2 snkbucl  |9 821099 
655 7 |a články z novín a časopisov  |2 snkbucl  |9 267496 
700 1 |a Iván, Alexander  |4 aut  |9 292916 
773 0 |t Výrobné inžinierstvo  |g Roč. 2, č. 4 (2003), s. 81-83  |x 1335-7972-01 
850 |a Slovenská národná knižnica 
852 |a Slovenská národná knižnica 
954 |a odborná, vedecká literatúra pôvodná (slovenská)  |2 lita 
957 |a 713 
958 |a article27 
958 |a SK 
958 |a OND 
958 |a EUIPO 
999 |c 3199406  |d 3201336